Systems ecology

Αποθηκεύτηκε σε:
Λεπτομέρειες βιβλιογραφικής εγγραφής
Άλλοι συγγραφείς: Shugart, H. H. (Επιμελητής έκδοσης), O'Neill, R. V. (Robert V.) 1940- (Επιμελητής έκδοσης)
Μορφή: Βιβλίο
Γλώσσα:English
Δημοσίευση: Stroudsburg : Dowden, Hutchinson and Ross, c1979
Σειρά:Benchmark papers in ecology ; ; 9
Θέματα:
Ετικέτες: Προσθήκη ετικέτας
Δεν υπάρχουν, Καταχωρήστε ετικέτα πρώτοι!

MARC

LEADER 00000cam a2200000 i 4500
001 1/73241
008 961209s1979 eng d
020 |a 0-87933-347-2 
035 |l 10003190 
040 |a GR-MY-UA  |b gre  |e aacr 
041 0 |a eng 
082 0 |a 574.5072 
245 1 0 |a Systems ecology /  |c edited by H. H. Shugart and R. V. O'Neill 
260 |a Stroudsburg :   |b Dowden, Hutchinson and Ross,   |c c1979 
300 |a xiii, 368 p.;  |c 26 cm 
490 1 |a Benchmark papers in ecology  |v ; 9 
504 |a Includes bibliographical references and index 
650 0 0 |a Ecology  |x Mathematical models. 
700 1 |a Shugart, H. H.  |4 edt 
700 1 |a O'Neill, R. V.  |q (Robert V.)  |d 1940-  |4 edt 
830 0 |a Benchmark papers in ecology ;  |v ; 9 
852 |a INST  |b LESVOS  |e 19961209  |h 574.5072 SYS  |p 005100008810  |q 005100008810  |t BK  |y 0 
909 |a Λ  |b 02910